[Event "Styrian op U08/12 28th"]
[Site "Mureck"]
[Date "2022.08.06"]
[Round "4"]
[White "Braun, Raban"]
[Black "Pichler, Clemens"]
[Result "0-1"]
[WhiteElo "800"]
[BlackElo "800"]
[PlyCount "124"]
[EventDate "2022.08.03"]
[EventType "swiss"]
[EventRounds "9"]
[EventCountry "AUT"]
[SourceTitle "EXT 2023"]
[Source "ChessBase"]
[SourceDate "2022.10.05"]
[SourceVersion "1"]
[SourceVersionDate "2022.10.05"]
[SourceQuality "1"]

1. e4 e5 2. Nf3 Nc6 3. Bc4 Nf6 4. Nc3 Bc5 5. 0-0 0-0 6. d3 d6 7. Be3 Nd4 8. Bxd4 Bxd4 9. Nxd4 exd4 10. Nd5 Nxd5 11. Bxd5 c6 12. Bc4 d5 13. exd5 cxd5 14. Bb3 Qg5 15. g3 Bh3 16. Re1 Qf6 17. Bxd5 Rfe8 18. Rxe8+ Rxe8 19. Bxb7 Re7 20. Bd5 Re5 21. c4 dxc3 22. Qb3 Re8 23. bxc3 Qe7 24. Be4 Kh8 25. Rb1 g6 26. a4 f5 27. f3 Qg5 28. Re1 f4 29. Kf2 fxg3+ 30. hxg3 Be6 31. c4 Qc5+ 32. Re3 h5 33. Qc3+ Kh7 34. Qf6 Rg8 35. g4 Bxg4 36. fxg4 Rf8 37. Qxf8 Qxf8+ 38. Kg3 Qd6+ 39. Kf2 Qh2+ 40. Bg2 h4 41. Rh3 Qf4+ 42. Rf3 Qd4+ 43. Re3 Qb2+ 44. Kg1 Qc1+ 45. Kf2 Qd2+ 46. Re2 Qxd3 47. c5 Qd4+ 48. Re3 Qxc5 49. Bf1 Qc2+ 50. Re2 Qxa4 51. Re7+ Kh6 52. g5+ Kxg5 53. Re5+ Kh6 54. Re2 Qf4+ 55. Ke1 Qg3+ 56. Rf2 a5 57. Bb5 Qc3+ 58. Rd2 Qe5+ 59. Be2 a4 60. Ra2 Qa5+ 61. Kf1 a3 62. Kg2 Qd5+ 0-1